Statistics for Tallest Buildings In The World by Continent

Click here to take the quiz!

General Stats

  • This quiz has been taken 4 times
  • The average score is 2 of 7

Answer Stats

ContienentBuilding% Correct
AsiaBurj Khalifa
100%
North AmericaOne World Trade Center
100%
AustraliaQueensland One (Q1)
25%
AfricaThe Leonardo
0%
AntarcticaLong Duration Balloon Payload Preparation Buildings (LDB)
0%
EuropeLakhta Center
0%
South AmericaGran Torre Santiago
0%

Score Distribution

Percentile by Number Answered

Percent of People with Each Score

Your Score History

You have not taken this quiz